| 000 | 00562cam a2200205ua 4500 | ||
|---|---|---|---|
| 001 | 1632 | ||
| 005 | 20260515113349.0 | ||
| 008 | 110714n ii |||gr||||Z||||||eng | ||
| 040 | _cMAIN | ||
| 082 | _a330.01 | ||
| 100 |
_aSen, Satyendra Nath, _eAuthor. |
||
| 245 | 1 |
_aIntroduction to economic theory _cby Satyendra Nath Sen |
|
| 250 | _a26th. | ||
| 260 |
_aAllahabad: _bBookland Pvt. Ltd.,972. |
||
| 300 |
_axvii; 532p: _bill; _c23cm. |
||
| 653 | _aEconomics | ||
| 653 | _aintroduction to economic theory | ||
| 700 |
_aDas, Sisir Kumar, _eAuthor. |
||
| 942 | _cBK | ||
| 999 |
_c1518 _d1518 |
||